02442nam a2200193Ia 4500999001700000003000400017005001700021008004100038082002000079100001400099245006600113260011100179502000900290520173500299700002602034856005602060942001202116952012002128 c26800d26800OSt20220829153439.0140128s9999 xx 000 0 und d a636.088bSUR/DE aSuraj PT  aDevelopement Of An Integrated Farming System Centered On Pigs aMannuthy bDepartment of Livestock Production Management, College of Veterinary and Animal Sciences c2000 bMVSC3 aEfforts were taken to develop a model integrated farming system (IFS) centred on pigs at Centre for Pig Production and Research, Mannuthy. This animal-fish-vegetable IFS consisted of three groups of pigs viz. Large White Yorkshire (L WY), Crossbreds (CB) (Large White Yorkshire x Desi) and Desi, three tanks for fish rearing and three sets of vegetable plots with four varieties of vegetable crops. Different treatments were applied to each unit of fish feeding as pig manure only, pig manure and feed and feed only. In the vegetable plots different treatments were applied in manuring as pig manure only pig manure and chemical fertilizer and chemical fertilizer only. A clear breed difference was noticed between LWY and Desi with respect to traits such as feed intake, body weight, body measurements, average daily body weight gain (ADG) and' feed conversion efficiency (FCE). But there was no significant difference (P